|
|
|
|
| LEADER |
00000nab a2200000 a 4500 |
| 001 |
vtls008875115 |
| 003 |
SK-MaSNL |
| 005 |
20260304212201.0 |
| 008 |
141112c2005 xo 0 eng |
| 015 |
|
|
|a SNBCL2005/5
|
| 035 |
|
|
|a SLK035706
|
| 040 |
|
|
|a SLKCL
|b slo
|c SNKBUCL
|e AACR2
|
| 041 |
1 |
|
|a eng
|a slo
|
| 044 |
|
|
|a xo
|c SK
|
| 080 |
|
|
|a 616.36-089.843-053.2:061.3
|2 1981
|
| 245 |
0 |
0 |
|a Fatálna pľúcna komplikácia po transplácii pečene
|c T. Šagát ... [et al.]
|
| 246 |
1 |
0 |
|a Fatal pulmonary complication following liver transplantation
|
| 650 |
0 |
7 |
|a transplantácia pečene
|2 MESH
|9 20929
|
| 650 |
0 |
7 |
|a rejekcia
|2 MESH
|9 259689
|
| 650 |
0 |
7 |
|a prenosné choroby
|2 MESH
|9 1566
|
| 650 |
0 |
7 |
|a prevencia primárna
|2 MESH
|9 842114
|
| 650 |
0 |
7 |
|a respiračná insuficiencia
|2 MESH
|9 135701
|
| 650 |
0 |
7 |
|a imunosupresia
|2 MESH
|9 15099
|
| 650 |
0 |
7 |
|a abstrakty z kongresu
|2 MESH
|9 168204
|
| 700 |
1 |
|
|a Trupl, Jan,
|d 1943-
|4 rev
|9 242388
|
| 700 |
1 |
|
|a Šagát, Tibor,
|d 1942-
|4 aut
|9 196955
|
| 700 |
1 |
|
|a Pevalová, Ľubica,
|d 1949-
|4 aut
|9 40346
|
| 700 |
1 |
|
|a Babala, Jozef,
|d 1965-
|4 aut
|9 159403
|
| 700 |
1 |
|
|a Herbanská, I.
|4 aut
|9 1456886
|
| 700 |
1 |
|
|a Haviar, Dušan,
|d 1951-
|4 aut
|9 252756
|
| 700 |
1 |
|
|a Gašparec, Peter,
|d 1951-
|4 aut
|9 174551
|
| 700 |
1 |
|
|a Hanzen, Juraj,
|d 1962-
|4 aut
|9 255664
|
| 711 |
2 |
|
|a Slovenský pediatrický kongres
|n (5. :
|d 2005 :
|c Bratislava, Slovensko)
|4 aut
|9 171695
|
| 773 |
0 |
|
|t Česko-slovenská pediatrie
|g Roč. 60, č. 8-9 (2005), s. 530
|x 0069-2328
|
| 850 |
|
|
|a Slovenská lekárska knižnica v Bratislave
|a BA006
|
| 852 |
|
|
|a BA006
|b KIS3GCP
|b 000500000
|
| 999 |
|
|
|c 3130283
|d 3132213
|